উসমানীয়া সালতানাত / (Record no. 2601)

MARC details
000 -LEADER
fixed length control field 01136nam a2200265 a 4500
003 - CONTROL NUMBER IDENTIFIER
control field BD-DhJNU
005 - DATE AND TIME OF LATEST TRANSACTION
control field 20260202050056.0
008 - FIXED-LENGTH DATA ELEMENTS--GENERAL INFORMATION
fixed length control field 251108s2023 bg |||g |||| 000 1|ben|d
020 ## - INTERNATIONAL STANDARD BOOK NUMBER
International Standard Book Number 9789849116735
040 ## - CATALOGING SOURCE
Original cataloging agency BD-DhJNU
Language of cataloging ben
Transcribing agency BD-DhJNU
Modifying agency BD-DhJNU
041 ## - LANGUAGE CODE
Language code of text/sound track or separate title ben
082 ## - DEWEY DECIMAL CLASSIFICATION NUMBER
Classification number 956.1 RAU
Edition number 23
100 ## - MAIN ENTRY--PERSONAL NAME
Personal name রহমান, শেখ মুহাম্মদ লুৎফর
245 10 - TITLE STATEMENT
Title উসমানীয়া সালতানাত /
Statement of responsibility, etc. শেখ মুহাম্মদ লুৎফর রহমান
246 ## - VARYING FORM OF TITLE
Title proper/short title Usmania Saltanat
250 ## - EDITION STATEMENT
Edition statement 1st ed.
260 ## - PUBLICATION, DISTRIBUTION, ETC.
Place of publication, distribution, etc. ঢাকা :
Name of publisher, distributor, etc. ফেমাস বুকস,
Date of publication, distribution, etc. 2023.
300 ## - PHYSICAL DESCRIPTION
Extent ২৭১ পৃ. :
Other physical details চিত্র ;
Dimensions ২২ সেমি.।
504 ## - BIBLIOGRAPHY, ETC. NOTE
Bibliography, etc. note গ্রন্থপঞ্জিগত নির্দেশিকা ও নিঘন্ট অন্তভূক্ত
650 ## - SUBJECT ADDED ENTRY--TOPICAL TERM
Topical term or geographic name entry element উসমানীয় সাম্রাজ্য
650 ## - SUBJECT ADDED ENTRY--TOPICAL TERM
Topical term or geographic name entry element Ottoman Empire
650 ## - SUBJECT ADDED ENTRY--TOPICAL TERM
Topical term or geographic name entry element তুর্কি ইতিহাস--Islamic imperial history
700 a# - ADDED ENTRY--PERSONAL NAME
Personal name হক, মো. ফজলুল
Relator term [সম্পাদক]
942 ## - ADDED ENTRY ELEMENTS (KOHA)
Koha item type Books
Holdings
Withdrawn status Lost status Source of classification or shelving scheme Damaged status Not for loan Collection Home library Current library Shelving location Date acquired Source of acquisition Total checkouts Full call number Barcode Date last seen Copy number Price effective from Koha item type
    Dewey Decimal Classification     Non-fiction Jagannath University Central Library Jagannath University Central Library General stacks 02/02/2026 Purchased   956.1 RAU JNUCL36120 02/02/2026 1 02/02/2026 Books
    Dewey Decimal Classification     Non-fiction Jagannath University Central Library Jagannath University Central Library General stacks 02/02/2026 Purchased   956.1 RAU JNUCL36121 02/02/2026 2 02/02/2026 Books